Controlling the weapons of war : (Record no. 15992)

000 -LEADER
fixed length control field 01584cam a22003734a 4500
001 - CONTROL NUMBER
control field 14037728
005 - DATE AND TIME OF LATEST TRANSACTION
control field 20170105102929.0
008 - FIXED-LENGTH DATA ELEMENTS--GENERAL INFORMATION
fixed length control field 050715s2006 enk b 001 0 eng
010 ## - LIBRARY OF CONGRESS CONTROL NUMBER
LC control number 2005020200
015 ## - NATIONAL BIBLIOGRAPHY NUMBER
National bibliography number GBA592440
Source bnb
016 7# - NATIONAL BIBLIOGRAPHIC AGENCY CONTROL NUMBER
Record control number 013326198
Source Uk
020 ## - INTERNATIONAL STANDARD BOOK NUMBER
International Standard Book Number 0415386675 (hardback)
020 ## - INTERNATIONAL STANDARD BOOK NUMBER
International Standard Book Number 9780415386678 (hardback)
020 ## - INTERNATIONAL STANDARD BOOK NUMBER
International Standard Book Number 9780415386678 (hardback)
035 ## - SYSTEM CONTROL NUMBER
System control number (OCoLC)ocm61151426
035 ## - SYSTEM CONTROL NUMBER
System control number (OCoLC)61151426
040 ## - CATALOGING SOURCE
Original cataloging agency DLC
Transcribing agency DLC
Modifying agency BAKER
-- BWKUK
-- UKM
-- COO
-- OCLCQ
-- YDXCP
-- OCLCQ
-- STF
-- DLC
042 ## - AUTHENTICATION CODE
Authentication code pcc
050 00 - LIBRARY OF CONGRESS CALL NUMBER
Classification number JZ5625
Item number .R37 2006
082 00 - DEWEY DECIMAL CLASSIFICATION NUMBER
Classification number 327.1/74
Edition number 22
Author Mark RAP 2006
100 1# - MAIN ENTRY--PERSONAL NAME
Personal name Rappert, Brian.
245 10 - TITLE STATEMENT
Title Controlling the weapons of war :
Remainder of title politics, persuasion and the prohibition of inhumanity /
Statement of responsibility, etc. Brian Rappert.
260 ## - PUBLICATION, DISTRIBUTION, ETC.
Place of publication, distribution, etc. London ;
-- New York :
Name of publisher, distributor, etc. Routledge,
Date of publication, distribution, etc. 2006.
300 ## - PHYSICAL DESCRIPTION
Extent xii, 223 p. ;
Dimensions 24 cm.
440 #0 - SERIES STATEMENT/ADDED ENTRY--TITLE
Title Contemporary security studies
504 ## - BIBLIOGRAPHY, ETC. NOTE
Bibliography, etc. note Includes bibliographical references (p. [218]-219) and index.
650 #0 - SUBJECT ADDED ENTRY--TOPICAL TERM
Topical term or geographic name entry element Arms control.
650 #0 - SUBJECT ADDED ENTRY--TOPICAL TERM
Topical term or geographic name entry element Military weapons.
856 41 - ELECTRONIC LOCATION AND ACCESS
Materials specified Table of contents
Uniform Resource Identifier <a href="http://www.loc.gov/catdir/toc/ecip0516/2005020200.html">http://www.loc.gov/catdir/toc/ecip0516/2005020200.html</a>
856 42 - ELECTRONIC LOCATION AND ACCESS
Materials specified Publisher description
Uniform Resource Identifier <a href="http://www.loc.gov/catdir/enhancements/fy0654/2005020200-d.html">http://www.loc.gov/catdir/enhancements/fy0654/2005020200-d.html</a>
906 ## - LOCAL DATA ELEMENT F, LDF (RLIN)
a 7
b cbc
c orignew
d 1
e ecip
f 20
g y-gencatlg
942 ## - ADDED ENTRY ELEMENTS (KOHA)
Source of classification or shelving scheme
Koha item type Book
Holdings
Withdrawn status Lost status Damaged status Not for loan Collection code Permanent Location Current Location Shelving location Date acquired Total Checkouts Full call number Barcode Date last seen Price effective from Koha item type
          Centre for International Peace & Stability (CIPS) Centre for International Peace & Stability (CIPS) General Stacks 11/21/2013   327.174 RAP 2006 CIPS0002480 01/15/2014 01/05/2017 Book
© 2023 Central Library, National University of Sciences and Technology. All Rights Reserved.